000 01111cad a22002415a 4500
001 L126028
008 040427s2004 xxk l f000 0 eng u
020 _a0110908902
035 _a(Sirsi) u126028
041 _aeng
245 0 4 _aThe Service Charges (Consultation Requirements) (Wales) Regulations 2004
_h[electronic resource]
260 _aLondon
_bHMSO
_c2004
490 _aSI
_v2004: 684
520 _aCame into force 31 March 2004. Outline details of prescribed consultation requirements by landlords with tenants where costs are recoverable through service charges payable by tenants. See Explanatory Note for further details. View at www.legislation.hmso.gov.uk.
650 _aCOMMONHOLD AND LEASEHOLD REFORM ACT 2002
650 _aSERVICE CHARGES (CONSULTATION REQUIREMENTS) (WALES) REGULATIONS 2004
650 _aLANDLORD AND TENANT ACT 1985 S20
650 _aWALES
650 _aSERVICE CHARGES
690 _aPROPERTY-LANDLORD AND TENANT
856 _uhttps://www.legislation.gov.uk/wsi/2004/684/contents/made
_zView the Regulations free of charge at www.legislation.gov.uk
942 _n0
999 _c103555
_d103555